International entrepreneurship in emerging markets : nature, drivers, barriers and determinants /

Bibliographic Details
Other Authors: Haddoud, Mohamed Yacine, (Editor), Jones, Paul, (Editor), Onjewu, Adah-Kole, (Editor)
Format: eBook
Language:English
Published: Bingley, England : Emerald Publishing, [2020]
Series:Contemporary issues in entrepreneurship research ; Volume 10.
Subjects:
Online Access:Click to View
LEADER 01922nam a2200421 i 4500
001 EBC5975242
003 MiAaPQ
005 20191205133358.0
006 m o d |
007 cr cnu||||||||
008 191205s2020 enk o 000 0 eng d
020 |z 9781787695641 
020 |a 9781787695634 (e-book) 
035 |a (MiAaPQ)EBC5975242 
035 |a (Au-PeEL)EBL5975242 
035 |a (OCoLC)1127917729 
040 |a MiAaPQ  |b eng  |e rda  |e pn  |c MiAaPQ  |d MiAaPQ 
050 4 |a HB615  |b .I584 2020 
082 0 |a 658.421  |2 23 
245 0 0 |a International entrepreneurship in emerging markets :  |b nature, drivers, barriers and determinants /  |c edited by Mohamed Yacine Haddoud, Paul Jones, Adah-Kole Emmanuel Onjewu. 
264 1 |a Bingley, England :  |b Emerald Publishing,  |c [2020] 
264 4 |c 2020 
300 |a 1 online resource (201 pages). 
336 |a text  |b txt  |2 rdacontent 
337 |a computer  |b c  |2 rdamedia 
338 |a online resource  |b cr  |2 rdacarrier 
490 1 |a Contemporary issues in entrepreneurship research ;  |v Volume 10 
588 |a Description based on print version record. 
590 |a Electronic reproduction. Ann Arbor, MI : ProQuest, 2018. Available via World Wide Web. Access may be limited to ProQuest affiliated libraries. 
650 0 |a Entrepreneurship. 
655 4 |a Electronic books. 
700 1 |a Haddoud, Mohamed Yacine,  |e editor. 
700 1 |a Jones, Paul,  |e editor. 
700 1 |a Onjewu, Adah-Kole,  |e editor. 
776 0 8 |i Print version:  |t International entrepreneurship in emerging markets : nature, drivers, barriers and determinants.  |d Bingley, England : Emerald Publishing, c2020   |h 201 pages   |k Contemporary issues in entrepreneurship research ; Volume 10.  |z 9781787695641 
797 2 |a ProQuest (Firm) 
830 0 |a Contemporary issues in entrepreneurship research ;  |v Volume 10. 
856 4 0 |u https://ebookcentral.proquest.com/lib/matrademy/detail.action?docID=5975242  |z Click to View